000 00715nam a2200229 a 4500
005 20210219152828.0
008 991125n 000 0 spa u
035 _aUPN01000062531
100 _aSTORNI, Adolfo Enrique
222 _aCONESCAL : REVITA DEL CENTRO REGIONAL DE CONSTRUCCIONES ESCOLARES PARA AMERICA LATINA
245 _aAcción de los organismos bajo jurisdicción del Ministerio de Cultura y Educación
260 _aMéxico
300 _a6-10
362 _a1971 No. 21, sep.
653 0 _aARGENTINA
653 0 _aCONSTRUCCIONES ESCOLARES
653 0 _aGASTO EDUCATIVO
653 0 _aINSTITUCIONES EDUCATIVAS
653 0 _aPOLITICA EDUCATIVA
904 _aAC
_b000342
905 _aArticulo
999 _c61773
_d61773